000 00549nam a2200169Ia 4500
003 GCL
008 140319s9999 xx 000 0 ara d
040 _aGCL /
_cGCL
082 0 4 _a683.8
_bف م
100 1 _aفاروق سيد حسين
245 1 0 _aالمكنسة الكهربائية /
_cفاروق سيد حسين
490 _aموسوعة الاجهزة المنزلية الالكترونية
_v0
650 0 4 _aالاجهزة الكهربائية
650 0 4 _aالاجهزة المنزلية
650 0 4 _aالمكانس
942 _2ddc
_cBK
999 _c47936
_d47936